Discovering Business Statistics (Record no. 4979)

MARC details
005 - DATE AND TIME OF LATEST TRANSACTION
control field 20250625093205.0
020 ## - INTERNATIONAL STANDARD BOOK NUMBER
International Standard Book Number 978-1-932628-96-2
082 ## - DEWEY DECIMAL CLASSIFICATION NUMBER
Classification number 519.5 HAW
100 ## - MAIN ENTRY--PERSONAL NAME
Author name HAWKES, J. S.
245 ## - TITLE STATEMENT
Title Discovering Business Statistics
260 ## - PUBLICATION, DISTRIBUTION, ETC.
Place of publication, distribution, etc. New York,
Name of publisher, distributor, etc. Hawkes Publishing,
Date of publication, distribution, etc. 2012.
300 ## - PHYSICAL DESCRIPTION
Extent 674p.; ill.; figure, table, picture
700 ## - ADDED ENTRY--PERSONAL NAME
Other authors/Editors NATTINGHAM, Q, J.
942 ## - ADDED ENTRY ELEMENTS (KOHA)
Source of classification or shelving scheme Dewey Decimal Classification
Koha item type Books
Holdings
Date last seen Total checkouts Full call number Barcode Cost, replacement price Price effective from Koha item type Lost status Source of classification or shelving scheme Damaged status Not for loan Withdrawn status Home library Current library Shelving location Date acquired Cost, normal purchase price
06/25/2025   519.5 HAW DOM0001024 135000.00 06/25/2025 Books   Dewey Decimal Classification       CBE Dodoma CBE Dodoma General Collection 05/26/2016 45000.00
06/25/2025   519.5 HAW DOM0001023 135000.00 06/25/2025 Books   Dewey Decimal Classification       CBE Dodoma CBE Dodoma General Collection 05/26/2016 45000.00